|
|
|
|
| LEADER |
00000nam0a2200000 4500 |
| 001 |
66804 |
| 005 |
20231031072821.0 |
| 035 |
|
|
|a (RuTPU)RU\TPU\book\71060
|
| 090 |
|
|
|a 66804
|
| 100 |
|
|
|a 20040907d2005 k y0rusy50 ca
|
| 101 |
0 |
|
|a rus
|
| 102 |
|
|
|a RU
|
| 105 |
|
|
|a a z 001zy
|
| 200 |
1 |
|
|a Петрология и рудообразование
|e избранные статьи
|f В. Л. Хомичев
|g Сибирский научно-исследовательский институт геологии, геофизики и минерального сырья
|
| 210 |
|
|
|a Новосибирск
|c Изд-во СНИИГГиМС
|d 2005
|
| 215 |
|
|
|a 315 с.
|c ил.
|
| 320 |
|
|
|a Библиогр.: с. 298-306.
|
| 330 |
|
|
|a За 50-летний период научно-производственной деятельности автором накоплен большой материал по петрологии и рудобразованию (преимущественно медно-молибденовому) Алтае-Саянской складчатой области, который рассеян в 130 публикациях и фондовых работах. Желание собрать наиболее значимые из них в целевом сборнике, несколько дополнить и откорректировать основные положения с позиций сегодняшнего видения совершенно естественно. К этому очень кстати оказался достойный повод - 75-летний юбилей, к которому настоящий сборник будет ценным подарком. Эта идея нашла понимание и поддержку дирекции института и Ученого совета в надежде (и уверенности), что она послужит началом хорошей традиции отмечать таким образом памятные даты в творческой биографии ученых-геологов Сибири и страны. Все статьи сборника имеют «генетический акцент». В противовес мнению о раздельном образовании мантийных габброидов и коровых гранитоидов автор с давних пор настаивал на генетической связи между ними, исходя их геологических и минералого-петрографических данных. Но характер связи оставался неопределенным, пока изучение даек (в том числе даек 2-го этапа основного состава) связанных с гранитоидами. и глубинное геолого-геофизическое моделирование не убедило его в том, что фанерозойские интрузивные гранитоиды (в отличие от докембрийских палингенных гнейсогранитов) являются результатом кристаллизационной и эманационной дифференциации исходной базитовой магмы. Механизм становления габбро-гранитных тел и комплексов изложен в ряде статей. Естественное саморазвитие магматического процесса на поздней стадии приводит к рудно-магматической системе, различные аспекты которой (состав и строение на разных уровнях, зональность, соотношения между родственными рудными формациями, рудно-петрографические вариации и др.) рассмотрены в разделе «Рудообразование».
|
| 610 |
1 |
|
|a петрология
|
| 610 |
1 |
|
|a рудообразование
|
| 610 |
1 |
|
|a Кузнецкий Алатау
|
| 610 |
1 |
|
|a магматизм
|
| 610 |
1 |
|
|a Алтае-Саянская область
|
| 610 |
1 |
|
|a Колывань-Томская зона
|
| 610 |
1 |
|
|a Россия
|
| 610 |
1 |
|
|a Сибирь
|
| 610 |
1 |
|
|a Сорское молибденовое месторождение
|
| 610 |
1 |
|
|a рудные брекчии
|
| 610 |
1 |
|
|a Агаскырское молибденовое месторождение
|
| 610 |
1 |
|
|a штокверковые молибденовые месторождения
|
| 610 |
1 |
|
|a медно-молибденовые месторождения
|
| 610 |
1 |
|
|a гранитоиды
|
| 610 |
1 |
|
|a медь
|
| 610 |
1 |
|
|a молибден
|
| 675 |
|
|
|a 552
|v 3
|
| 675 |
|
|
|a 553.2
|v 3
|
| 700 |
|
1 |
|a Хомичев
|b В. Л.
|g Валентин Леонидович
|
| 712 |
0 |
2 |
|a Сибирский научно-исследовательский институт геологии, геофизики и минерального сырья
|2 stltpush
|3 (RuTPU)RU\TPU\col\322
|
| 801 |
|
1 |
|a RU
|b 63413507
|c 20040907
|g PSBO
|
| 801 |
|
2 |
|a RU
|b 63413507
|c 20200825
|g PSBO
|
| 942 |
|
|
|c BK
|